| 000 | 00000nam 2200000zi 4500 |
| 001 | 9.940089 |
| 003 | CaOODSP |
| 005 | 20241119085909 |
| 006 | m o d f |
| 007 | cr cn||||||||| |
| 008 | 240703t20242024onc ob f000 0 fre d |
| 020 | |a9780660726229 |
| 040 | |aCaOODSP|bfre|erda|cCaOODSP |
| 043 | |an-cn--- |
| 086 | 1 |aRv4-137/1-2024F-PDF |
| 245 | 00|aCampagne publicitaire sur les prestations et les crédits de l’Agence de 2023-2024 : |bOutil d’évaluation des campagnes publicitaires (OECP) : rapport méthodologique / |cpréparé pour l’Agence du revenu du Canada (ARC). |
| 264 | 1|aOttawa (Ontario) : |bAgence du revenu du Canada = Canada Revenue Agency, |cmai 2024. |
| 264 | 4|c©2024 |
| 300 | |a1 ressource en ligne (19 pages) + |e1 sommaire (8 pages) |
| 336 | |atexte|btxt|2rdacontent/fre |
| 337 | |ainformatique|bc|2rdamedia/fre |
| 338 | |aressource en ligne|bcr|2rdacarrier/fre |
| 500 | |aTitre de la couverture. |
| 500 | |a« Nom du fournisseur : Ipsos. » |
| 500 | |a« Numéro de contrat : C W2230192. » |
| 500 | |a« Date de livraison : 24 mai 2024. » |
| 500 | |a« Numéro d’enregistrement : POR 143-23. » |
| 500 | |aPublié aussi en anglais sous le titre : 2023-2024 CRA Benefits and Credits Campaign : Advertising Campaign Evaluation Tool (ACET) : methodological report. |
| 504 | |aComprend des références bibliographiques. |
| 520 | |a« Les évaluations des campagnes publicitaires aidaient à déterminer l’efficacité des campagnes publicitaires sélectionnées en mesurant (et en comparant) la sensibilisation du sujet auprès des publics cibles. Les résultats seront utilisés pour évaluer l’efficacité de la campagne publicitaire sur les prestations et les crédits auprès des publics cibles. Les résultats permettront également d’évaluer si les publicités étaient convaincantes ou ont attiré l’attention du public, et si la campagne a permis de sensibiliser les gens aux prestations et aux crédits faisant l’objet de la promotion. Enfin, l’évaluation aidera l’ARC à améliorer ou à modifier les futures campagnes publicitaires » -- Objectifs, page 2. |
| 650 | 6|aCrédit d'impôt|zCanada|xOpinion publique. |
| 650 | 6|aDéclarations d'impôt|zCanada|xOpinion publique. |
| 650 | 6|aPublicité d'État|zCanada|xOpinion publique. |
| 650 | 6|aCampagnes publicitaires|zCanada|xOpinion publique. |
| 650 | 6|aOpinion publique|zCanada. |
| 710 | 2 |aAgence du revenu du Canada, |eorganisme de publication. |
| 710 | 2 |aIpsos (Firme), |econsultant. |
| 775 | 08|t2023-2024 CRA Benefits and Credits Campaign : |w(CaOODSP)9.940090 |
| 856 | 40|qPDF|s518 Ko|uhttps://publications.gc.ca/collections/collection_2024/arc-cra/Rv4-137-1-2024-fra.pdf|zRapport méthodologique |
| 856 | 40|qPDF|s364 Ko|uhttps://publications.gc.ca/collections/collection_2024/arc-cra/Rv4-137-1-2024-1-fra.pdf|zSommaire exécutif |
| 856 | 4 |qHTML|sS.O.|uhttps://epe.bac-lac.gc.ca/100/200/301/pwgsc-tpsgc/por-ef/canada_revenue_agency/2024/143-23-f/143-23-rapport.html|zRapport méthodologique |
| 856 | 4 |qHTML|sS.O.|uhttps://epe.bac-lac.gc.ca/100/200/301/pwgsc-tpsgc/por-ef/canada_revenue_agency/2024/143-23-f/sommaire/143-23-sommaire.html|zSommaire exécutif |